| 000 | 00690pam a2200217 a 4500 | ||
|---|---|---|---|
| 001 | 1652887 | ||
| 005 | 20250114163221.0 | ||
| 008 | 970416s1998 mauab b 001 0 eng | ||
| 020 | _a0070571929 | ||
| 050 | 0 | 0 |
_aJK2408 _b.S17 1998 |
| 082 | 0 | 0 |
_a320.8/0973 _221 |
| 100 | 1 |
_aSaffell, David C., _d1941- |
|
| 245 | 1 | 0 |
_aState and local government : _bpolitics and public policies / _cDavid C. Saffell, Harry Basehart. |
| 250 | _a6th ed. | ||
| 260 |
_aBoston, Mass. : _bMcGraw-Hill, _cc1998. |
||
| 300 |
_axii, 344 p. : _bill., maps ; _c24 cm. |
||
| 650 | 0 |
_aState governments _zUnited States. |
|
| 650 | 0 |
_aLocal government _zUnited States. |
|
| 700 | 1 | _aBasehart, Harry. | |
| 942 |
_2lcc _cBK _n0 |
||
| 999 |
_c2524 _d2524 |
||